| 000 | 00756nab a2200229 4500 | ||
|---|---|---|---|
| 003 | BR-BrBNA | ||
| 005 | 20250710104644.0 | ||
| 008 | 250710b bl.||||| |||| 00| 0 por d | ||
| 040 |
_aBR-BrBNA _bpor |
||
| 072 | _aL01 ; P01 ; F08 | ||
| 100 | _aNetto, Ibiapaba | ||
| 245 |
_aOs amigos do Pantanal _bEstilo no Campo |
||
| 500 | _a14 illus. | ||
| 650 | _aPANTANAL | ||
| 650 | _aPRODUÇÃO INTEGRADA | ||
| 650 | _aTURISMO RURAL | ||
| 650 | _aSUSTENTABILIDADE | ||
| 650 | _aPRESERVAÇÃO DA NATUREZA | ||
| 773 | 0 |
_01706 _9347917 _dSão Paulo-SP Editora Três Ltda - E-mail: luizfsa@revistadinheiro.com.br 2004 _o2025-0416 _tDinheiro Rural (Brazil) _x1807-3700 _gv. 6(69) p. 76-79; (Jul 2010) _wBR2025003762 |
|
| 942 | _cANA | ||
| 999 |
_c332760 _d332760 |
||